000 00931nmm a2200277 a 4500
001 ocm000570898
003 TR-IsHL
005 20201028121933.0
008 110704s2008 tu tur
007 cr cn
020 _a9789756316498
035 _a570898
_b(N$T)
050 0 4 _aGV943.6.F42
_bD47 2008
090 0 4 _aGV943.6.F42
_bD47 2008
100 1 _aDeringör, Halit
245 1 0 _aFenerbahçe cumhuriyeti ve cumhurbaşkanları
_h[electronic resource] /
_cHalit Deringör
250 _a5 bs.
260 _aİstanbul :
_bBilge Kültür Sanat,
_c2008
300 _a270 p.
650 4 _aSpor, Seyahat ve Turizm
650 4 _aSports, Travel & Tourism
650 0 _aFutbol
_x Türkiye
_x Kulüpler
_x History
650 0 _aSoccer
_x Turkey
_x Clubs
_x History
650 7 _aSPORTS & RECREATION / Soccer
_2bisacsh
856 4 0 _uhttp://search.ebscohost.com/login.aspx?direct=true&scope=site&db=e011xww&AN=570898
999 _c1597
_d1597